Car/Cam Computer Aided Design & Manufacturing (Record no. 31077)

MARC details
000 -LEADER
fixed length control field 00345nam a22001457a 4500
003 - CONTROL NUMBER IDENTIFIER
control field OSt
005 - DATE AND TIME OF LATEST TRANSACTION
control field 20220221151449.0
008 - FIXED-LENGTH DATA ELEMENTS--GENERAL INFORMATION
fixed length control field 220221b |||||||| |||| 00| 0 eng d
020 ## - INTERNATIONAL STANDARD BOOK NUMBER
International Standard Book Number 8120304020
040 ## - CATALOGING SOURCE
Transcribing agency HU
082 ## - DEWEY DECIMAL CLASSIFICATION NUMBER
Classification number 670.28
100 ## - MAIN ENTRY--PERSONAL NAME
Personal name Groover
9 (RLIN) 31031
245 ## - TITLE STATEMENT
Title Car/Cam Computer Aided Design & Manufacturing
942 ## - ADDED ENTRY ELEMENTS (KOHA)
Source of classification or shelving scheme Dewey Decimal Classification
Koha item type Books like text book referance book
Suppress in OPAC No
Holdings
Withdrawn status Lost status Source of classification or shelving scheme Damaged status Not for loan Home library Current library Shelving location Date acquired Total Checkouts Full call number Barcode Date last seen Copy number Price effective from Koha item type
    Dewey Decimal Classification     IoT Library IoT Library General Stacks 02/21/2022   670.28/GRO/2003 IOTL0014571 02/21/2022 1 02/21/2022 Books like text book referance book
    Dewey Decimal Classification     IoT Library IoT Library General Stacks 02/21/2022   670.28/GRO/2003 IOTL0014572 02/21/2022 2 02/21/2022 Books like text book referance book
    Dewey Decimal Classification     IoT Library IoT Library General Stacks 02/21/2022   670.28/GRO/2003 IOTL0014573 02/21/2022 3 02/21/2022 Books like text book referance book
    Dewey Decimal Classification     IoT Library IoT Library General Stacks 02/21/2022   670.28/GRO/2003 IOTL0014574 02/21/2022 4 02/21/2022 Books like text book referance book
    Dewey Decimal Classification     IoT Library IoT Library General Stacks 02/21/2022   670.28/GRO/2003 IOTL0014575 02/21/2022 5 02/21/2022 Books like text book referance book
    Dewey Decimal Classification     IoT Library IoT Library General Stacks 02/21/2022   670.28/GRO/2003 IOTL0014576 02/21/2022 6 02/21/2022 Books like text book referance book
    Dewey Decimal Classification     IoT Library IoT Library General Stacks 02/21/2022   670.28/GRO/2003 IOTL0014577 02/21/2022 7 02/21/2022 Books like text book referance book
    Dewey Decimal Classification     IoT Library IoT Library General Stacks 02/21/2022   670.28/GRO/2003 IOTL0014578 02/21/2022 8 02/21/2022 Books like text book referance book
    Dewey Decimal Classification     IoT Library IoT Library General Stacks 02/21/2022   670.28/GRO/2003 IOTL0014579 02/21/2022 9 02/21/2022 Books like text book referance book
    Dewey Decimal Classification     IoT Library IoT Library General Stacks 02/21/2022   670.28/GRO/2003 IOTL0014580 02/21/2022 10 02/21/2022 Books like text book referance book